Los Living /

Gorde:
Xehetasun bibliografikoak
Egile nagusia: Caparrós, Martín (autor)
Formatua: Liburua
Hizkuntza:gaztelania
Argitaratua: Barcelona, España : Anagrama, 2011, c2011
Saila:(Narrativas Hispánicas ; 493)
Gaiak:
Etiketak: Etiketa erantsi
Etiketarik gabe, Izan zaitez lehena erregistro honi etiketa jartzen!

MARC

LEADER 00000nam^a2200000^a^4500
001 000318450
005 20250521000000.0
009 20260310113413.801
020 |a 978-607-8126-49-1 
037 |a Acervo ITESO - Biblioteca 
041 |a ESP 
082 |a 863.  |b CAP 
100 |a Caparrós, Martín  |e (autor) 
245 1 4 |a Los Living /  |c M. Caparrós. 
264 4 |a Barcelona, España :  |b Anagrama,  |c 2011, c2011 
300 |a 430 p. 
336 |a texto  |b txt  |2 rdacontenido 
337 |a sin mediación  |b n  |2 rdamedio 
338 |a volumen  |b nc  |2 rdasoporte 
440 1 |a (Narrativas Hispánicas ;  |v 493) 
545 0 |a El escritor y periodista argentino Martín Caparrós (1957), nacido en Buenos Aires, es considerado como el cronista latinoamericano más importante, es un gran conocedor de la cultura y del oficio del periodista y está dotado de una fina ironía. Estuvo exilado en Francia y en España de 1976 a 1983. Ha colaborado en diversas revistas, periódicos y en la radio. Ganador del Premio de Periodismo Rey de España en 1992, del Premio Konex de 2004, del Premio Planeta Argentina 2004 y del Premio Herralde de 2011. Entre sus obras se encuentran sus crónicas Larga distancia (1992); Dios mío (1994), La voluntad (1997) y La guerra moderna (1999); las novelas Ansay o los infortunios de la gloria (1984); No velas a tus muertos (1986); La noche anterior (1990); El tercer cuerpo (1990); La historia (1999); Un día en la vida de Dios (2001); Valfierno (2004); A quien corresponda (2008); Los Living (2011); El hambre (2014) y Lacrónica (2015). 
586 |a Premio Herralde de Novela 2011 
649 |a XX 
650 |a Novela Argentina 
650 |a Literatura Argentina -  |y Siglo XXI 
910 |a Fondo General 
920 |a Impresos - Libros 
930 |a Colección General 
940 |a Literatura 
905 |a 101 
901 |a 0500205705  |b IT1  |c LIT  |i C130877  |u 20250521 
902 |a https://opac.biblio.iteso.mx/vufind/Record/000318450